000 00584nam a2200169Ia 4500
008 090711s9999 xx 000 0 und d
082 _b48245
100 _aकुंभोजकर ललिता
245 _aदलित कविता : अेक दर्शन
260 _c1984
300 _a133
600 _aकुंभोजकर ललिता
630 _aदलित कविता : अेक दर्शन
700 _aकुंभोजकर ललिता
730 _aदलित कविता : अेक दर्शन
942 _cBOOK
999 _c313870
_d313870